The Real Slim Shady - Eminem Lyrics - Statistics

General Stats
  • This quiz has been taken 5,985 times
  • The average score is 24 of 33
Answer Stats
Lyrics % Correct
I repeat, will the real {Slim} {Shady} please stand up?
99%
Will the real {Slim} {Shady} please stand up?
99%
May I have your {attention}, please?
98%
Y'all act like you never seen a {white} person before
96%
We're gonna have a {problem} here...
95%
And {Dr. Dre} said... nothing, you idiots!
86%
{Dr. Dre's} dead, he's locked in my basement (Ha ha!)
86%
"Chicka-chicka-chicka, Slim Shady, I'm {sick} of him
85%
He didn't just say what I think he did, {did} {he}?"
85%
And if I'm lucky, you might just give it a little {kiss}
83%
Look at him, walkin' around, grabbin' his {you}-{know}-{what}
83%
Flippin' the {you}-{know}-{who}", "Yeah, but he's so cute though"
80%
But no worse than what's goin' on in your {parents'} {bedrooms}
79%
And that's the message that we deliver to {little} {kids}
78%
Yeah, I probably got a couple of screws up in my {head} {loose}
78%
Then there's no reason that a {man} and another {man} can't elope
75%
Jaws all on the floor like Pam, like Tommy just {burst} in the door
72%
And expect them not to know what a {woman's} clitoris is
71%
They've got the {Discovery} {Channel}, don't they?
71%
It's the {return} of the "oh, wait, no way, you're kidding
69%
We ain't nothin' but mammals- well, some of us, {cannibals}
68%
But can't, but it's cool for Tom Green to **** a {dead} {moose}
66%
By the time they hit {fourth} {grade}
66%
And started {whoopin'} her *** worse than before
65%
"My {bum} is on your lips, my {bum} is on your lips"
65%
{Feminist} women love Eminem
63%
They first were divorced, throwin' her over {furniture} (Agh!)
57%
Sometimes I wanna get {on} {TV} and just let loose
56%
But if you feel like I feel, I got the {antidote}
54%
Of course, they're gonna know what {intercourse} is
54%
Who cut other people open like {cantaloupes}
49%
Women, wave your {pantyhose}, sing the chorus, and it goes-
46%
But if we can **** dead animals and {antelopes}
43%
No matching quizzes found
Score Distribution
Percent of People with Each Score
Percentile by Number Answered
Your Score History
You have not taken this quiz